Perinatal nursing / (Record no. 22859)
[ view plain ]
| 000 -LEADER | |
|---|---|
| fixed length control field | 02542cam a22003735a 4500 |
| 001 - CONTROL NUMBER | |
| control field | 17616600 |
| 005 - DATE AND TIME OF LATEST TRANSACTION | |
| control field | 20161025143756.0 |
| 008 - FIXED-LENGTH DATA ELEMENTS--GENERAL INFORMATION | |
| fixed length control field | 130205s2014 paua frb 001 0 eng d |
| 010 ## - LIBRARY OF CONGRESS CONTROL NUMBER | |
| LC control number | 2013004566 |
| 020 ## - INTERNATIONAL STANDARD BOOK NUMBER | |
| International Standard Book Number | 9781609136222 |
| 020 ## - INTERNATIONAL STANDARD BOOK NUMBER | |
| International Standard Book Number | 1609136225 |
| 035 ## - SYSTEM CONTROL NUMBER | |
| System control number | (DNLM)101601448 |
| 040 ## - CATALOGING SOURCE | |
| Original cataloging agency | DNLM/DLC |
| Language of cataloging | eng |
| Transcribing agency | DLC |
| Modifying agency | EG-ScBUE |
| 042 ## - AUTHENTICATION CODE | |
| Authentication code | pcc |
| 082 04 - DEWEY DECIMAL CLASSIFICATION NUMBER | |
| Edition number | 22 |
| Classification number | 618.20231 |
| Item number | PER |
| 245 00 - TITLE STATEMENT | |
| Title | Perinatal nursing / |
| Statement of responsibility, etc | [edited by] Kathleen Rice Simpson, Patricia A. Creehan. |
| 246 1# - VARYING FORM OF TITLE | |
| Display text | At head of title: |
| Title proper/short title | AWHONN, Association of Women's Health, Obstetric and Neonatal Nurses |
| 250 ## - EDITION STATEMENT | |
| Edition statement | 4th ed. |
| 260 ## - PUBLICATION, DISTRIBUTION, ETC. (IMPRINT) | |
| Place of publication, distribution, etc | Philadelphia, Pennsylvania: |
| Name of publisher, distributor, etc | Wolters Kluwer/Lippincott Williams & Wilkins Health, |
| Date of publication, distribution, etc | 2014. |
| 300 ## - PHYSICAL DESCRIPTION | |
| Extent | xv, 752 p. : |
| Other physical details | ill. ; |
| Dimensions | 28 cm. |
| 500 ## - GENERAL NOTE | |
| General note | Index : p. 744-752 |
| 504 ## - BIBLIOGRAPHY, ETC. NOTE | |
| Bibliography, etc | Includes bibliographical references. |
| 505 0# - FORMATTED CONTENTS NOTE | |
| Formatted contents note | Perinatal patient safety and professional liability issues / Kathleen Rice Simpson -- Integrating cultural beliefs and practices when caring for childbearing women and families / Lynn Clark Callister -- Physiologic changes of pregnancy / Susan Tucker Blackburn -- Antenatal care / Mary Lee Barron -- Hypertensive disorders of pregnancy / Judith H. Poole -- Bleeding in pregnancy / Mary Ellen Burke Sosa -- Preterm labor and birth / Nancy Jo Reedy -- Diabetes in pregnancy / Julie M. Daley -- Cardiac disease in pregnancy / Julie Arafeh -- A pulmonary complications in pregnancy / Suzanne McMurtry Baird and Betsy B. Kennedy -- Multiple gestation / Nancy A. Bowers -- Obesity in pregnancy / Mary Ann Maher -- Maternal fetal transport / Judy Wilson-Griffin -- Labor and birth / Kathleen Rice Simpson and Nancy O'Brien-Abel -- Fetal assessment during labor / Audrey Lyndon, Nancy O'Brien Abel, and Kathleen Rice Simpson -- Pain inlabor : nonpharmacologic and pharmacologic management / Carol Burke -- Postpartum care / Dotti C. James -- Newborn adaptation to extrauterine life / Debbie Fraser -- Newborn physical assessment / Lyn Vargo -- Newborn nutrition / Jill Janke -- Common neonatal complications / Joan Renaud Smith and Annette Carley. |
| 590 ## - LOCAL NOTE (RLIN) | |
| Local note | Wessam |
| 650 #7 - SUBJECT ADDED ENTRY--TOPICAL TERM | |
| Topical term or geographic name as entry element | Maternal-Child Nursing. |
| Source of heading or term | BUEsh |
| 9 (RLIN) | 12164 |
| 650 #7 - SUBJECT ADDED ENTRY--TOPICAL TERM | |
| Topical term or geographic name as entry element | Neonatal nursing. |
| Source of heading or term | BUEsh |
| 9 (RLIN) | 23579 |
| 650 #7 - SUBJECT ADDED ENTRY--TOPICAL TERM | |
| Topical term or geographic name as entry element | Maternity nursing. |
| 9 (RLIN) | 12162 |
| 651 ## - SUBJECT ADDED ENTRY--GEOGRAPHIC NAME | |
| Source of heading or term | BUEsh |
| 653 ## - INDEX TERM--UNCONTROLLED | |
| Resource For college | Nursing |
| Arrived date list | October2016 |
| 700 1# - ADDED ENTRY--PERSONAL NAME | |
| Personal name | Simpson, Kathleen Rice. |
| 9 (RLIN) | 41617 |
| 700 1# - ADDED ENTRY--PERSONAL NAME | |
| Personal name | Creehan, Patricia A. |
| 9 (RLIN) | 41618 |
| 710 2# - ADDED ENTRY--CORPORATE NAME | |
| Corporate name or jurisdiction name as entry element | Association of Women's Health, Obstetric, and Neonatal Nurses. |
| 9 (RLIN) | 41619 |
| 942 ## - ADDED ENTRY ELEMENTS (KOHA) | |
| Source of classification or shelving scheme | Dewey Decimal Classification |
| Edition | 22 |
| Call number prefix | 618.20231 PER |
| Withdrawn status | Item status | Source of classification or shelving scheme | Damaged status | Not for loan | Vendor | Home library | Current library | Shelving location | Date acquired | Source of acquisition | Cost, normal purchase price | Serial Enumeration / chronology | Total Checkouts | Total Renewals | Full call number | Barcode | Date last seen | Date last borrowed | Cost, replacement price | Koha item type |
|---|---|---|---|---|---|---|---|---|---|---|---|---|---|---|---|---|---|---|---|---|
| Dewey Decimal Classification | Baccah | Central Library | Central Library | First floor | 25/10/2016 | Purchase | 553.00 | 3632 | 2 | 21 | 618.20231 PER | 000034478 | 15/07/2025 | 21/03/2017 | 691.25 | Book - Borrowing |